000 01119cam a2200205 4500
001 ABS63724
008 000000n2001 000 0 eng u
035 _a(Sirsi) u111762
100 _aWhite, G.
245 _aAvoid deposit slips
260 _c2001
490 _aProperty Week
_v66(13) 30 March 2001, 76-77(2)
520 _aProvides advice to landlords on the handling of rent deposits, and how to avoid being short-changed. For instance, warns landlords to ensure they have complete control over the deposit, and highlights the risks involved in holding monies in trust. If a deposit is held by a third party, stresses the importance of ensuring that the basis on which it is held is clearly defined. Advises landlords to obtain a deposit that covers all the money due under a lease: the service charge, insurance, VAT. Looks at the position of rent deposits granted before and after the Landlord & Tenant (Covenants) Act 1995.
590 _aABS
650 _aDEPOSITS
650 _aLEASES
650 _aLANDLORD AND TENANT (COVENANTS) ACT 1995
690 _aPROPERTY-LANDLORD AND TENANT
942 _n0
999 _c66588
_d66588